Apologia della Storia o Mestiere di storico
Kaydedildi:
| Yazar: | |
|---|---|
| Materyal Türü: | Kitap |
| Dil: | İtalyanca |
| Baskı/Yayın Bilgisi: |
Turín
Giulio Einaudi
1969
|
| Edisyon: | 1a. ed |
| Seri Bilgileri: | Piccola Biblioteca Einaudi, 117
|
| Konular: | |
| Etiketler: |
Etiketle
Etiket eklenmemiş, İlk siz ekleyin!
|
MARC
| LEADER | 00000cam a2200000 a 4500 | ||
|---|---|---|---|
| 001 | UCD8777 | ||
| 003 | CL-VaPUC | ||
| 008 | 170527e19690000it |||||||||||||||||ita|d | ||
| 082 | 0 | 4 | |a 907.2 |b BLO |2 21 |
| 100 | 0 | |a Bloch, Marc |e author |9 497099 | |
| 245 | 1 | 0 | |a Apologia della Storia o Mestiere di storico |
| 250 | |a 1a. ed | ||
| 300 | |a 166 p | ||
| 942 | |c BK | ||
| 945 | |d 20170527 00:32:00 |a dcastane | ||
| 260 | |a Turín |b Giulio Einaudi |c 1969 | ||
| 650 | 0 | |a Historiografía |9 257871 | |
| 650 | 0 | |a Filosofía de la historia |9 265651 | |
| 583 | |a last modification |c 20170527 00:32:00 |k Rodrigo Vera | ||
| 490 | 0 | |a Piccola Biblioteca Einaudi, 117 | |
| 999 | |c 368086 |d 368084 | ||
| 952 | |0 0 |1 0 |3 erb |4 0 |6 907_200000000000000_BLO_1969 |7 0 |8 A |9 483345 |a FDOLAF |b FDOLAF |e Laffi, Umberto, 1939- |i 5392268 |o 907.2 BLO 1969 |p 5392268 |r 2024-01-30 |w 2019-11-24 |y BK |z Catalogado en:20170527 |k LAF | ||